Readings on minorities: perspectives and documents (Record no. 380639)

000 -LEADER
fixed length control field 00425cam a22001337a 4500
008 - FIXED-LENGTH DATA ELEMENTS--GENERAL INFORMATION
fixed length control field 180718b1996 xxu||||| |||| 00| 0 eng d
082 ## - DEWEY DECIMAL CLASSIFICATION NUMBER
Classification number B1243x54 An81
245 ## - TITLE STATEMENT
Title Readings on minorities: perspectives and documents
Statement of responsibility, etc. edited by Iqbal A. Ansari
260 ## - PUBLICATION, DISTRIBUTION, ETC.
Place of publication, distribution, etc. New Delhi
Name of publisher, distributor, etc. Institute of Objective Studies
Date of publication, distribution, etc. 1996
300 ## - PHYSICAL DESCRIPTION
Extent 381p.
440 ## - SERIES STATEMENT/ADDED ENTRY--TITLE
Title Reading on Minorities
650 ## - SUBJECT ADDED ENTRY--TOPICAL TERM
Topical term or geographic name entry element Minorities - India
700 ## - ADDED ENTRY--PERSONAL NAME
Personal name Ansari, Iqbal A.
Holdings
Withdrawn status Lost status Damaged status Not for loan Permanent Location Current Location Date acquired Full call number Barcode Date last seen Price effective from Koha item type
        Indian Institute of Public Administration Indian Institute of Public Administration 1997-01-08 B1243x54 An81 71626 2018-07-21 2018-07-21 Book
        Indian Institute of Public Administration Indian Institute of Public Administration 1997-01-08 B1243x54 An81 71625 2018-07-21 2018-07-21 Book

Powered by Koha